Calculus / (Record no. 23389)
[ view plain ]
| 000 -LEADER | |
|---|---|
| fixed length control field | 00975nam a2200313 i 4500 |
| 003 - CONTROL NUMBER IDENTIFIER | |
| control field | EG-ScBUE |
| 005 - DATE AND TIME OF LATEST TRANSACTION | |
| control field | 20241008101914.0 |
| 008 - FIXED-LENGTH DATA ELEMENTS--GENERAL INFORMATION | |
| fixed length control field | 161130t2016 at a f 001 0 eng d |
| 020 ## - INTERNATIONAL STANDARD BOOK NUMBER | |
| International Standard Book Number | 9781305266728 |
| 020 ## - INTERNATIONAL STANDARD BOOK NUMBER | |
| International Standard Book Number | 1305266722 |
| 040 ## - CATALOGING SOURCE | |
| Original cataloging agency | EG-ScBUE |
| Language of cataloging | eng |
| Description conventions | rda |
| Transcribing agency | EG-ScBUE |
| Modifying agency | EG-ScBUE |
| 082 04 - DEWEY DECIMAL CLASSIFICATION NUMBER | |
| Edition number | 22 |
| Classification number | 515 |
| Item number | STE |
| 100 1# - MAIN ENTRY--PERSONAL NAME | |
| 9 (RLIN) | 9101 |
| Personal name | Stewart, James, |
| Dates associated with a name | 1941- |
| Relator term | author. |
| 245 10 - TITLE STATEMENT | |
| Title | Calculus / |
| Statement of responsibility, etc | James Stewart, McMaster University and University of Toronto. |
| 250 ## - EDITION STATEMENT | |
| Edition statement | Eighth edition. |
| 250 ## - EDITION STATEMENT | |
| Edition statement | Metric version. |
| 264 #1 - PUBLICATION, DISTRIBUTION, ETC. (IMPRINT) | |
| Place of publication, distribution, etc | [Canberra] : |
| Name of publisher, distributor, etc | Cengage Learning, |
| Date of publication, distribution, etc | [2016] |
| 264 #4 - PUBLICATION, DISTRIBUTION, ETC. (IMPRINT) | |
| Date of publication, distribution, etc | c2016 |
| 300 ## - PHYSICAL DESCRIPTION | |
| Extent | 1 volume (various pagings) : |
| Other physical details | illustrations ; |
| Dimensions | 28 cm |
| 336 ## - CONTENT TYPE | |
| Source | rdacontent |
| Content type term | text |
| Content type code | txt |
| 337 ## - MEDIA TYPE | |
| Media type term | unmediated |
| Source | rdamedia |
| Media type code | n |
| 338 ## - CARRIER TYPE | |
| Carrier type term | volume |
| Carrier type code | nc |
| Source | rdacarrier |
| 500 ## - GENERAL NOTE | |
| General note | Includes index. |
| 500 ## - GENERAL NOTE | |
| General note | Includes Appendices.<br/> |
| 650 #7 - SUBJECT ADDED ENTRY--TOPICAL TERM | |
| Source of heading or term | BUEsh |
| 9 (RLIN) | 2017 |
| Topical term or geographic name as entry element | Calculus. |
| 653 ## - INDEX TERM--UNCONTROLLED | |
| Resource For college | Engineering, General |
| Arrived date list | November2016 |
| 655 ## - INDEX TERM--GENRE/FORM | |
| Form subdivision | Text book |
| 9 (RLIN) | 33728 |
| 942 ## - ADDED ENTRY ELEMENTS (KOHA) | |
| Source of classification or shelving scheme | Dewey Decimal Classification |
| Koha item type | Book - Borrowing |
| Withdrawn status | Lost status | Source of classification or shelving scheme | Damaged status | Not for loan | Collection code | Home library | Current library | Shelving location | Date acquired | Source of acquisition | Cost, normal purchase price | Total Checkouts | Total Renewals | Full call number | Barcode | Date last seen | Date checked out | Koha item type | Price effective from | Checked out |
|---|---|---|---|---|---|---|---|---|---|---|---|---|---|---|---|---|---|---|---|---|
| Dewey Decimal Classification | Baccah | Central Library | Central Library | First floor | 30/11/2016 | Purchase | 450.00 | 6 | 28 | 515 STE | 000040145 | 25/09/2024 | 03/10/2023 | Book - Borrowing | ||||||
| Dewey Decimal Classification | Baccah | Central Library | Central Library | First floor | 30/11/2016 | Purchase | 515 STE | 000040146 | 15/07/2025 | NB - Book (Non borrowing) | 30/11/2016 | |||||||||
| Dewey Decimal Classification | Baccah | Central Library | Central Library | First floor | 30/11/2016 | Purchase | 5 | 29 | 515 STE | 000040147 | 15/07/2025 | 16/04/2024 | Book - Borrowing | |||||||
| Dewey Decimal Classification | Baccah | Central Library | Central Library | First floor | 30/11/2016 | Purchase | 4 | 64 | 515 STE | 000040148 | 15/07/2025 | 29/10/2024 | Book - Borrowing | |||||||
| Dewey Decimal Classification | Baccah | Central Library | Central Library | First floor | 19/02/2018 | Purchase | 1 | 1 | 515 STE | 000042991 | 28/10/2024 | 28/10/2024 | Book - Borrowing | 19/02/2018 | 09/11/2024 |